000
00217 a2200097 4500
001
45835
100
_a
Horton B
245
_a
Dictionary of modern chess
260
_a
London
_b
Philosophical
_c
090
_c
28945
_d
28945
942
_a
NUST-CAE
_c
M
_c
21052
999
_c
280908
_d
280908